00436nam a2200133 a 450000500170000000800410001705000230005810000210008124500910010226000380019330000340023152100090026565000280027420140310183143.0020820s19uu xx 00 eng d aHD 58.7b.R62 1996 aRobbins, Stephen aOrganizational behavior :bconcepts controversies and applications /cStephen Robbins. aUSA :bPrentice Hall Inc.,c1996. a751 p. :bill. col. ;c26 cm. aBSBA aOrganizational behavior